Saarivaltioiden liput - Äkkikuolema - Statistics

Yleistilastot
  • Tätä visaa on pelattu 1 315 kertaa
  • Keskiarvotulos 11 / 18
Answers on the Grid
Answers color-coded by a green-red scale on the quiz's grid according to % correct below.
 
Vastaustilastot
Vastaus % Oikein
Kypros
79%
Yhdistynyt kuningaskunta
75%
Islanti
74%
Uusi-Seelanti
70%
Jamaika
69%
Malta
68%
Irlanti
61%
Kuuba
60%
Filippiinit
59%
Sri Lanka
59%
Seychellit
57%
Taiwan
52%
Dominikaaninen tasavalta
51%
Papua-Uusi-Guinea
51%
Bahama
49%
Haiti
48%
Trinidad ja Tobago
48%
Komorit
43%
Ehtoja vastaavia visoja ei löytynyt
Tulosjakauma
Jokaisen tuloksen saaneiden osuus
Persentiili vastausten määrän mukaan
Tuloshistoriasi
Et ole pelannut tätä visaa